000 01105cam a2200289 4500
008 000000n2001 000 0 eng u
020 _a0750647647
035 _a(Sirsi) u112594
050 _a690
100 _aBaden-Powell, Charlotte
245 _aArchitect's pocket book.
250 _a2nd ed.
260 _aOxford
_bArchitectural Press
_c2001
300 _aviii, 305p. ill. ; 19cm.
350 _a14.99
520 _aThe second edition of this pocket book containing information often needed on a daily basis, that comes from a variety of sources which are not always readily to hand. Contents includes data about planning, structure, services, building elements, materials and directories with mail and web site addresses.
520 _aSuperseded by 3rd ed. ISBN 9780750686174
650 _aMETRIC MEASUREMENTS
650 _aCONVERSION TABLES
650 _aPLANNING LAW
650 _aBlock management
_96220
650 _aBUILT ENVIRONMENT-BUILDING MATERIALS
650 _aBUILT ENVIRONMENT-BUILDING ELEMENTS
650 _aDESIGN
690 _aBUILT ENVIRONMENT
942 _n0
999 _c101448
_d101448